Analýza, návrh a implementácia web aplikácie diplomová práca

Gespeichert in:
Bibliographische Detailangaben
1. Verfasser: Návratek, Roman
Körperschaft: Fakulta hospodárskej informatiky EU. Katedra aplikovanej informatiky
Weitere Verfasser: Blahušiak, Martin
Format: Buch
Sprache:Slowakisch
Veröffentlicht: Bratislava 2013
Tags: Tag hinzufügen
Keine Tags, Fügen Sie das erste Tag hinzu!

MARC

LEADER 00000nbm a2200000 4500
001 0171651
005 20170315090439.7
041 0 |a slo 
044 |a SK 
245 1 0 |a Analýza, návrh a implementácia web aplikácie  |b diplomová práca  |c Roman Návratek ; školiteľ: Martin Blahušiak 
264 1 |a Bratislava  |c 2013 
300 |a 68 s. 
100 1 |a Návratek, Roman 
700 1 |a Blahušiak, Martin 
710 2 |a Fakulta hospodárskej informatiky EU. Katedra aplikovanej informatiky